[Event "GER-chT Betriebe 16th"]
[Site "Dresden"]
[Date "2016.11.03"]
[Round "1.3"]
[White "Molzan, Andreas"]
[Black "Marten, Gero"]
[Result "0-1"]
[WhiteElo "1255"]
[BlackElo "2010"]
[PlyCount "52"]
[EventDate "2016.11.03"]
[EventType "team-swiss"]
[EventRounds "7"]
[EventCountry "GER"]
[SourceTitle "EXT 2020"]
[Source "ChessBase"]
[SourceDate "2019.10.17"]
[SourceVersion "1"]
[SourceVersionDate "2019.10.17"]
[SourceQuality "1"]
[WhiteTeam "Stuttgart Stern"]
[BlackTeam "Stuttgart Sparkassen-Vers"]
[WhiteTeamCountry "GER"]
[BlackTeamCountry "GER"]

1. e4 c5 2. Nf3 d6 3. d4 cxd4 4. Nxd4 Nf6 5. Nc3 a6 6. Bg5 e6 7. Bd3 Be7 8. Qd2 Nbd7 9. h4 h6 10. Be3 Ng4 11. 0-0-0 Nxe3 12. Qxe3 Qc7 13. f4 b5 14. a3 Nb6 15. g4 Bb7 16. h5 0-0-0 17. g5 d5 18. e5 Nc4 19. Bxc4 dxc4 20. g6 Bxh1 21. Rxh1 Bc5 22. Rd1 Bxd4 23. Rxd4 Rxd4 24. Qxd4 Rd8 25. Qe4 Qb7 26. Qe3 Qh1+ 0-1